000 00577nam a22001937a 4500
003 KOHA_MİRAKIL
005 20250430173337.0
008 250430b tu ||||| |||| 00| 0 tur d
020 _a9786057471659
040 _aTR-AnABB
_btur
_cTR-AnABB
041 _atur
082 _a813.42
_bTAS 2021
100 1 _aTaşkesen, Nurettin,
245 1 0 _aEndülüs'ün son kalesi Elhamra’nın gözyaşları /
_cNurettin Taşkesen
260 _aİstanbul :
_bMihrabad Yayınları,
_c2021
300 _a235 sayfa ;
_c21 cm
650 0 4 _aTürk edebiyatı, roman
942 _2ddc
_cBK
999 _c8894
_d8894
900 _bGizem YORULMAZ